Statistics for Fictional vs. Real

Click here to take the quiz!

General Stats

  • This quiz has been taken 27 times
  • The average score is 5 of 10

Answer Stats

Credited PeopleActual personAnswer% Correct
Thomas EdisonJoseph SwanLight bulb
91%
Alexander Graham BellAntonio MeucciTelephone
87%
Christopher ColumbusJohn CabotFirst European to land in Continental America
52%
Thomas CrapperJohn HarringtonFlushing toilet
48%
Galileo GalileiHans LippersheyTelescope
48%
Erik The RedGunnbjörn UlfssonSighting Greenland
30%
Charles LindberghClyde Edward PangbornFirst Transatlantic flight
26%
Henry FordRansom OldsModern assembly line
26%
George Washington CarverMarcellus Gilmore EdsonPeanut butter
26%
ChineseJapaneseFortune cookies
17%

Score Distribution

Percentile by Number Answered

Percent of People with Each Score

Your Score History

You have not taken this quiz